| 000 | 01102nam a22002177a 4500 | ||
|---|---|---|---|
| 999 |
_c7755 _d7755 |
||
| 008 | 230717b ||||| |||| 00| 0 eng d | ||
| 040 | _aCDMR | ||
| 245 |
_aCom s'informa sobre intel·ligència artificial? _b : anàlisi i recomanacions amb perspectiva de drets humans [recurs electrònic] _c/ [Redacció: Bru Aguiló i Paul Zalduendo] |
||
| 260 |
_aBarcelona : _bGrup de Periodistes Ramon Barnils, _c2023 |
||
| 300 | _a1 recurs electrònic (44 pàgines) | ||
| 505 | _aAquest informe l’han elaborat conjuntament Mèdia.cat, l’Observatori Crític dels Mitjans impulsat pel Grup de Periodistes Ramon Barnils, i Lafede.cat. | ||
| 650 | 0 |
_94722 _aIntel·ligència artificial _xAspectes ètics i morals |
|
| 650 | 0 |
_92272 _aPeriodisme _zCatalunya _xInnovacions tecnològiques |
|
| 700 |
_94863 _aAguiló, Bru |
||
| 700 |
_94864 _aZalduendo, Paul |
||
| 710 | 2 |
_92397 _aGrup de Periodistes Ramon Barnils |
|
| 710 |
_94861 _aMèdia.cat |
||
| 710 |
_94862 _aLafede.cat |
||
| 856 |
_uhttps://www.media.cat/wp-content/uploads/intelligencia-artificial-CAT_.pdf _zAccés en línia |
||
| 942 |
_2udc _cLLIBRE-E |
||